| 000 | 01141nam a2200253 4500 | ||
|---|---|---|---|
| 005 | 20250821142655.0 | ||
| 007 | ta | ||
| 008 | 160627s1980 000 0 eng d | ||
| 020 | _a9789584953292 | ||
| 040 |
_aCO-CtgCURN _bspa _ccoctgcurn |
||
| 082 | 0 |
_aCo 861.7 _bR124 |
|
| 100 | 1 | _aRada Herrera, Walter. | |
| 245 | 1 | 0 |
_aTransformaciones / _cWalter Rada Herrera. |
| 264 | 1 |
_aBarranquilla, Colombia _bFundación escritores del caribe colombiano _c2022 |
|
| 300 |
_a112 páginas ; _c21 cm. |
||
| 336 | _2rdacontent | ||
| 337 |
_2rdamedia _asin mediacion _bn |
||
| 338 |
_2rdacarrier _avolumen _bnc |
||
| 520 | 8 | _a"Es más que todo una plataforma educativa, diseñada para ilustrar por medio de la palabra escrita la importancia de preservar la memoria histórica, para valorar a todos aquellos emprendedores quienes se han destacado e su profesión y para evitar, por falta de conocimiento o preparación, nuestra propia destrucción"." | |
| 650 | 1 | 4 | _aPoesía colombiana. |
| 650 | 1 | 4 |
_aPoetas _vColecciones _zColombia. |
| 942 |
_cBK _hCo 861.7 _iR124 _2ddc _01 |
||
| 999 |
_c49459 _d49459 _x1 |
||